| 000 | 00428nam a22001577a 4500 | ||
|---|---|---|---|
| 999 |
_c17611 _d17611 |
||
| 003 | OSt | ||
| 005 | 20221110152928.0 | ||
| 008 | 221110b ||||| |||| 00| 0 eng d | ||
| 040 | _c0 | ||
| 100 |
_aCabreza, Vincent. _946783 |
||
| 245 | _aGov't needs to temper threat reports on Baguio, says Mayor / | ||
| 260 |
_aPhilippines; _bInquirer, _cDecember 9, 2019. |
||
| 300 | _apage A10 | ||
| 650 |
_aLaw. _946784 |
||
| 942 |
_2ddc _cPER |
||